| 000 | 00614nam a2200181 i 4500 | ||
|---|---|---|---|
| 001 | 151804 | ||
| 003 | ES-MaACL | ||
| 005 | 20230906204405.0 | ||
| 008 | 051006s1890 fr af | |||||||| ||fre d | ||
| 040 |
_aCAM _bspa _cCAM |
||
| 100 | 1 |
_aBelloc, J.-T. de. _9125900 |
|
| 245 | 1 | 3 |
_aLe pays des pharaons / _cJ.-T. de Belloc. |
| 260 |
_aParis : _bBourloton, éditeur, _c1890 ( _fCharles Ussinger) |
||
| 300 |
_a416 p., [11] h.de lám. : _bil. ; _c29 cm. |
||
| 599 | _aLas h. de lám. fot. y grabs. | ||
| 651 | 4 |
_aEgipto- _xDescripción. _98141 |
|
| 852 |
_aES-MaACL _jC-2344 _z-- Enc. hol., conservando la cub. original |
||
| 999 |
_c151804 _d151804 |
||